LEADER 02479nam 2200433 450 001 9910583499203321 005 20181031164813.0 010 $a0-12-810461-9 010 $a0-323-48104-3 035 $a(CKB)4100000000646813 035 $a(MiAaPQ)EBC5061859 035 $a(PPN)228036313 035 $a(EXLCZ)994100000000646813 100 $a20171024h20182018 uy 0 101 0 $aeng 135 $aurcnu|||||||| 181 $2rdacontent 182 $2rdamedia 183 $2rdacarrier 200 00$aBiopolymer grafting $esynthesis and properties /$fedited by Vijay Kumar Thakur 210 1$aOxford, England ;$aCambridge, Massachusetts :$cElsevier,$d2018. 210 4$dİ2018 215 $a1 online resource (596 pages) $cillustrations (some color), tables 225 0 $aAdvances in Polymers and Fibers 320 $aIncludes bibliographical references at the end of each chapters and index. 327 $aNote continued:$g2.7.$tGums Graft Copolymerization --$g3.$tApplications of Some Polysaccharides in Different Industry --$g3.1.$tIntroduction --$g3.2.$tThe Pharmaceutical Application of Natural Polysaccharide --$g4.$tApplication of Natural Polysaccharide in Textile Industry --$g4.1.$tApplication of Starch as Warp Sizing --$g4.2.$tApplication of Starch as Finishing --$g4.3.$tApplication of Starch as Textile Printing --$g5.$tApplication of Natural Polysaccharide as Flocculants --$g5.1.$tNonionic Flocculants --$g5.2.$tCationic Flocculants --$g5.3.$tAnionic Flocculants --$g6.$tApplication of Natural Polysaccharide as Dye Removal --$g7.$tApplication of Natural Polysaccharide as Superabsorbent --$tReferences --$gch. 12$tGrafted Nanocellulose as an Advanced Smart Biopolymer /$rNurhidayatullaili M. Julkapli --$g1.$tNanocellulose Biopolymer --$g1.1.$tNanocellulose Biopolymer: Properties --$g2.$tNanocellulose: Chemical Grafting --$g2.1.$tOrganic Compounds Grafting --$g3.$tFuture Applications and Perspective of Grafted Nanocellulose --$g3.1.$tWastewater Treatment --$g3.2.$tBiomedical Applications --$g3.3.$tBiosensor and Bio-imaging --$g3.4.$tCatalysis --$g4.$tConclusion. 606 $aBiopolymers 606 $aBiopolymers$xBiotechnology 615 0$aBiopolymers. 615 0$aBiopolymers$xBiotechnology. 676 $a572.33 702 $aThakur$b Vijay Kumar 801 0$bMiAaPQ 801 1$bMiAaPQ 801 2$bMiAaPQ 906 $aBOOK 912 $a9910583499203321 996 $aBiopolymer grafting$92116987 997 $aUNINA